000 00599nam a22002297a 4500
003 UA-OsUOA
001 87013
007 ta
008 20120913b un ||||| |||| 00| 0 ukr d
100 _aКлименко Е.
090 _a82.09
_bК 49
942 _cBK
040 _aUA-OsUOA
_brus
_cUA-OsUOA
_dUA-OsUOA
245 _aАнглийская литература первой половины XIX века
300 _a143 с.
955 _a3
041 _arus
080 _a82.09
260 _bЛенинградский университет
_c1971
650 7 _2UDC
999 _c373311
_d373311